| 000 | 00610cam a22002291 4500 | ||
|---|---|---|---|
| 001 | sa 64005817 | ||
| 003 | DLC | ||
| 005 | 20260227112035.0 | ||
| 008 | 890621s1962 ii 000 1 kano | ||
| 010 | _asa 64005817 | ||
| 035 | _a(OCoLC)19906198 | ||
| 040 |
_aDLC _cWaU _dDLC |
||
| 042 | _apremarc | ||
| 050 | 0 | 0 |
_aPL4658 _b.S4 |
| 100 | 2 |
_aSeshagiri Rao, L. S., _d1925- |
|
| 245 | 1 | 0 | _aKannaḍa saṇṇa kategaḷu. |
| 260 | _c[1962] | ||
| 300 |
_axxx, 318 p. _c19 cm. |
||
| 500 | _aIn Kannada. | ||
| 500 | _aIncludes brief biographical sketches of the authors. | ||
| 650 | 0 | _aShort stories, Kannada. | |
| 999 |
_c59336 _d59336 |
||